Лексикографічне представлення граматичної і фонетичної систем української та англійської мов в тлумачних словниках (Запис № 284885)
[ простий вигляд ]
| 000 -LEADER | |
|---|---|
| fixed length control field | 01650nam a22001577a 4500 |
| 041 ## - LANGUAGE CODE | |
| Language code of text/sound track or separate title | ukr |
| 080 ## - UNIVERSAL DECIMAL CLASSIFICATION NUMBER | |
| Universal Decimal Classification number | 09 |
| 090 ## - LOCALLY ASSIGNED LC-TYPE CALL NUMBER (OCLC); LOCAL CALL NUMBER (OCLC) | |
| Local cutter number (OCLC) ; Book number/undivided call number, CALL (RLIN) | ЛОБ |
| 100 ## - MAIN ENTRY--PERSONAL NAME | |
| Personal name | Лободовська Т.М. |
| 245 ## - TITLE STATEMENT | |
| Title | Лексикографічне представлення граматичної і фонетичної систем української та англійської мов в тлумачних словниках |
| 260 ## - PUBLICATION, DISTRIBUTION, ETC. (IMPRINT) | |
| Place of publication, distribution, etc | Острог |
| Name of publisher, distributor, etc | КАФ |
| Date of publication, distribution, etc | 2012 |
| 300 ## - PHYSICAL DESCRIPTION | |
| Extent | 52 |
| 520 ## - SUMMARY, ETC. | |
| Summary, etc | РОЗДІЛ 1. СЛОВНИК ЯК ВТІЛЕННЯ ПРАКТИКИ ЛЕКСИКОГРАФІЇ.<br/>1.1. Поняття словника. Класифікація словників.<br/>1.1.1. Українська та американська сучасні тлумачні лексикографії.<br/>1.2. Макро- та мікроструктура словника.<br/>1.2.1. Представлення граматичної та фонетичної інформації засобами словника.<br/>РОЗДІЛ 2. ДЕСКРИПТИВНО-КОМПАРАТИВНИЙ АНАЛІЗ ПРЕДСТАВЛЕННЯ ФОНЕТИЧНОЇ ТА ГРАМАТИЧНОЇ ІНОФРМАЦІЇ У ТЛІМАЧНИХ СЛОВНИКАХ.<br/>2.1. Аналіз опису граматичної та фонетичної систем української мови засобами тлумачних словників.<br/>2.2. Аналіз опису граматичної та фонетичної систем англійської мови засобами тлумачних словників. |
| -- | граматика, фонетика |
| 650 ## - SUBJECT ADDED ENTRY--TOPICAL TERM | |
| Topical term or geographic name as entry element | Research Papers |
| 942 ## - ADDED ENTRY ELEMENTS (KOHA) | |
| Koha item type | Книги |
Немає доступних примірників.